[Event "Florianopolis Autumn op U1800"]
[Site "Florianopolis"]
[Date "2022.05.15"]
[Round "5"]
[White "Verlindo, Rogerio Rodrigues"]
[Black "Zhong, Lanxin"]
[Result "1-0"]
[WhiteElo "1800"]
[BlackElo "1359"]
[PlyCount "47"]
[EventDate "2022.05.13"]
[EventType "swiss"]
[EventRounds "6"]
[EventCountry "BRA"]
[SourceTitle "CBM 208 Extra"]
[Source "ChessBase"]
[SourceDate "2022.07.31"]
[SourceVersion "1"]
[SourceVersionDate "2022.07.31"]
[SourceQuality "1"]

1. e4 c5 2. Nf3 e6 3. d4 cxd4 4. Nxd4 a6 5. Nc3 Nc6 6. Be2 Bc5 7. Nb3 Bb6 8. 0-0 Nf6 9. Bg5 0-0 10. Kh1 Ba7 11. f4 e5 12. Nd5 d6 13. Nxf6+ gxf6 14. Bh6 Re8 15. f5 Kh8 16. Bc4 Qc7 17. Qh5 Nd8 18. Qh4 Qe7 19. Rf3 Rg8 20. Rh3 Bd7 21. Bf8 Rg7 22. Bxg7+ Kxg7 23. Qxh7+ Kf8 24. Qh8# 1-0

[Event "Florianopolis Autumn op U1800"]
[Site "Florianopolis"]
[Date "2022.05.14"]
[Round "2"]
[White "Verlindo, Rogerio Rodrigues"]
[Black "Bieging, Luca Jurgen"]
[Result "0-1"]
[WhiteElo "1800"]
[BlackElo "1356"]
[PlyCount "49"]
[EventDate "2022.05.13"]
[EventType "swiss"]
[EventRounds "6"]
[EventCountry "BRA"]
[SourceTitle "CBM 208 Extra"]
[Source "ChessBase"]
[SourceDate "2022.07.31"]
[SourceVersion "1"]
[SourceVersionDate "2022.07.31"]
[SourceQuality "1"]

1. e4 c6 2. d4 d5 3. exd5 cxd5 4. Bd3 Nf6 5. Ne2 Bg4 6. f3 Bh5 7. Be3 e6 8. c3 Bd6 9. Nd2 0-0 10. Qc2 Nc6 11. Nf4 Bg6 12. Nxg6 hxg6 13. 0-0-0 Rc8 14. g4 Nb4 15. Qb1 Qa5 16. a3 Nxd3+ 17. Qxd3 Bxa3 18. Nb1 Be7 19. Kd2 Bd6 20. Ke2 Ra8 21. Nd2 e5 22. dxe5 Bxe5 23. Ra1 Qc7 24. Rxa7 Bf4 25. Nf1 0-1